Cubed Numbers first 15. - Statistics

General Stats
  • This quiz has been taken 334 times
  • The average score is 12 of 15
Answer Stats
Hint Answer % Correct
1x1x1 1
100%
3x3x3 27
98%
2x2x2 8
98%
5x5x5 125
96%
4x4x4 64
96%
10x10x10 1000
90%
6x6x6 216
86%
7x7x7 343
81%
9x9x9 729
80%
8x8x8 512
77%
11x11x11 1331
64%
12x12x12 1728
58%
13x13x13 2197
46%
15x15x15 3375
44%
14x14x14 2744
41%
No matching quizzes found
Score Distribution
Percent of People with Each Score
Percentile by Number Answered
Your Score History
You have not taken this quiz